[Event "Gibraltar ChallWk2 9th"]
[Site "Gibraltar"]
[Date "2011.02.01"]
[Round "4.9"]
[White "Severijnen, Arjon"]
[Black "Hamer, Martyn"]
[Result "1/2-1/2"]
[WhiteElo "2152"]
[BlackElo "2041"]
[PlyCount "102"]
[EventDate "2011.01.29"]
[EventType "swiss"]
[EventRounds "5"]
[EventCountry "GGB"]
[SourceTitle "BritBase"]
[Source "www.saund.co.uk"]
[SourceDate "2018.02.10"]
[SourceVersion "1"]
[SourceVersionDate "2018.02.10"]
[SourceQuality "1"]

1. e4 e5 2. f4 exf4 3. Bc4 f5 4. exf5 Nf6 5. d4 d5 6. Bb5+ c6 7. Bd3 Bd6 8. Qf3
O-O 9. Bxf4 Ne4 10. Bxd6 Qxd6 11. Bxe4 dxe4 12. Qb3+ Kh8 13. Ne2 Bxf5 14. Nbc3
Nd7 15. O-O-O Nf6 16. Ng3 Be6 17. Qa4 Bd5 18. Rhf1 a5 19. Nxd5 cxd5 20. Nf5 Qa6
21. Qa3 b5 22. Qe7 Qa7 23. Qxa7 Rxa7 24. Ne3 Kg8 25. Rf5 Rd8 26. g4 Rad7 27.
Rdf1 h6 28. h4 Ne8 29. g5 hxg5 30. hxg5 g6 31. R5f4 b4 32. Ng4 Rc7 33. Ne5 Nd6
34. Rf6 Nb5 35. Rxg6+ Rg7 36. Rxg7+ Kxg7 37. Rf7+ Kg8 38. g6 Rd6 39. g7 Nxd4
40. Ra7 e3 41. c3 bxc3 42. bxc3 Nb5 43. Rxa5 Nxc3 44. Kc2 d4 45. Ra7 e2 46. Nd3
Re6 47. Ne1 Nd5 48. Kd3 Nf4+ 49. Kxd4 Rd6+ 50. Ke4 Nh5 51. Kf3 Re6 1/2-1/2

[Event "Gibraltar ChallWk2 9th"]
[Site "Gibraltar"]
[Date "2011.02.01"]
[Round "4.10"]
[White "Pendlebury, Ian G"]
[Black "Kandic, Milan"]
[Result "0-1"]
[WhiteElo "2080"]
[BlackElo "2143"]
[PlyCount "72"]
[EventDate "2011.01.29"]
[EventType "swiss"]
[EventRounds "5"]
[EventCountry "GGB"]
[SourceTitle "BritBase"]
[Source "www.saund.co.uk"]
[SourceDate "2018.02.10"]
[SourceVersion "1"]
[SourceVersionDate "2018.02.10"]
[SourceQuality "1"]

1. Nf3 Nf6 2. b3 c5 3. Bb2 Nc6 4. e3 e6 5. c4 d5 6. d4 cxd4 7. Nxd4 Bb4+ 8. Bc3
Qa5 9. Bxb4 Nxb4 10. Nd2 e5 11. Nc2 Bg4 12. Qc1 O-O 13. Nxb4 Qxb4 14. a3 Qe7
15. cxd5 Rac8 16. Qb2 Bf5 17. Nc4 Nd7 18. Rc1 Be4 19. Nd2 Bxd5 20. e4 Be6 21.
Bc4 Bxc4 22. Rxc4 Rxc4 23. Nxc4 Nc5 24. O-O f6 25. Qc2 Ne6 26. b4 Nd4 27. Qb2
Rc8 28. Ne3 Qf7 29. f3 h6 30. Nd5 Rc2 31. Qb1 Kh7 32. Kh1 Qg6 33. Rg1 Qh5 34.
Qd1 Qg5 35. g4 Rf2 36. Rf1 Rd2 0-1

[Event "Gibraltar ChallWk2 9th"]
[Site "Gibraltar"]
[Date "2011.02.01"]
[Round "4.11"]
[White "Osuna Vega, Enrique"]
[Black "Zanetti, Bruno"]
[Result "1-0"]
[WhiteElo "2140"]
[BlackElo "2017"]
[PlyCount "37"]
[EventDate "2011.01.29"]
[EventType "swiss"]
[EventRounds "5"]
[EventCountry "GGB"]
[SourceTitle "BritBase"]
[Source "www.saund.co.uk"]
[SourceDate "2018.02.10"]
[SourceVersion "1"]
[SourceVersionDate "2018.02.10"]
[SourceQuality "1"]

1. d4 d5 2. c4 c6 3. Nf3 e6 4. Nc3 f5 5. Bf4 Nf6 6. e3 Nbd7 7. Bd3 Ne4 8. Ne5
Nxe5 9. Bxe5 Qh4 10. O-O Rg8 11. f3 Nf6 12. e4 fxe4 13. fxe4 Ng4 14. Bg3 Qg5
15. Bf4 Qh4 16. Qf3 dxe4 17. Nxe4 Bd7 18. h3 Nf6 19. Bg5 1-0

[Event "Gibraltar ChallWk2 9th"]
[Site "Gibraltar"]
[Date "2011.02.01"]
[Round "4.12"]
[White "Isherwood, Paul"]
[Black "Carlsten, Peter"]
[Result "1/2-1/2"]
[WhiteElo "2014"]
[BlackElo "2110"]
[PlyCount "39"]
[EventDate "2011.01.29"]
[EventType "swiss"]
[EventRounds "5"]
[EventCountry "GGB"]
[SourceTitle "BritBase"]
[Source "www.saund.co.uk"]
[SourceDate "2018.02.10"]
[SourceVersion "1"]
[SourceVersionDate "2018.02.10"]
[SourceQuality "1"]

1. e4 c5 2. c3 Nf6 3. e5 Nd5 4. d4 cxd4 5. Nf3 e6 6. Bc4 Nb6 7. Bb3 d6 8. cxd4
Nc6 9. exd6 Bxd6 10. O-O O-O 11. Nc3 Bd7 12. Re1 Nb4 13. Ne4 Be7 14. Ne5 N4d5
15. Qf3 Ba4 16. Qg3 Bh4 17. Qf3 Bxb3 18. axb3 Be7 19. Qg3 Bh4 20. Qf3 1/2-1/2

[Event "Gibraltar ChallWk2 9th"]
[Site "Gibraltar"]
[Date "2011.02.01"]
[Round "4.14"]
[White "Urbina Perez, Juan Antonio"]
[Black "Sommerhalder, Eric"]
[Result "1/2-1/2"]
[WhiteElo "2189"]
[BlackElo "2000"]
[PlyCount "49"]
[EventDate "2011.01.29"]
[EventType "swiss"]
[EventRounds "5"]
[EventCountry "GGB"]
[SourceTitle "BritBase"]
[Source "www.saund.co.uk"]
[SourceDate "2018.02.10"]
[SourceVersion "1"]
[SourceVersionDate "2018.02.10"]
[SourceQuality "1"]

1. e4 c5 2. Nf3 d6 3. d4 cxd4 4. Nxd4 Nf6 5. Nc3 g6 6. Be3 Bg7 7. f3 O-O 8. Qd2
Nc6 9. g4 Be6 10. O-O-O d5 11. Nxe6 fxe6 12. g5 Nh5 13. exd5 exd5 14. Nxd5 e6
15. Nf6+ Nxf6 16. Qxd8 Raxd8 17. Rxd8 Rxd8 18. gxf6 Bxf6 19. c3 a6 20. f4 Ne7
21. Bg2 Nd5 22. Bd2 b5 23. h4 h5 24. Rh3 Kf7 25. Be4 1/2-1/2

[Event "Gibraltar ChallWk2 9th"]
[Site "Gibraltar"]
[Date "2011.02.01"]
[Round "4.15"]
[White "Phillips, Owen S"]
[Black "Siegmund, Rainer"]
[Result "0-1"]
[WhiteElo "1992"]
[BlackElo "2133"]
[PlyCount "105"]
[EventDate "2011.01.29"]
[EventType "swiss"]
[EventRounds "5"]
[EventCountry "GGB"]
[SourceTitle "BritBase"]
[Source "www.saund.co.uk"]
[SourceDate "2018.02.10"]
[SourceVersion "1"]
[SourceVersionDate "2018.02.10"]
[SourceQuality "1"]

1. e4 c5 2. Nf3 Nc6 3. d4 cxd4 4. Nxd4 Nf6 5. Nc3 e5 6. Ndb5 d6 7. Bg5 a6 8.
Na3 b5 9. Bxf6 gxf6 10. Nd5 Bg7 11. g4 Be6 12. c4 O-O 13. Be2 Nd4 14. O-O Bxd5
15. cxd5 Rc8 16. Bd3 Bh6 17. Nc2 Nxc2 18. Bxc2 Bf4 19. Bd3 f5 20. f3 Qh4 21.
Qe2 fxg4 22. fxg4 Kh8 23. Kh1 Rg8 24. Rg1 Rg6 25. Rg2 Rcg8 26. Rag1 Qg5 27. Qf3
Rh6 28. Rc2 Qh4 29. Rgg2 Rhg6 30. Qf2 Qh3 31. Be2 b4 32. Bxa6 Rxg4 33. Rxg4
Qxg4 34. Re2 Rg6 35. Qg2 Qh5 36. Qf2 Rg4 37. Qb6 Rg8 38. Qf2 Rg3 39. Bc8 Rd3
40. h3 Rd1+ 41. Re1 Rd2 42. Bg4 Qg5 43. Re2 Rd1+ 44. Re1 Rd3 45. Rg1 Rd2 46.
Be2 Qh6 47. Qg2 Qf8 48. Qg4 f6 49. Rc1 f5 50. exf5 Rxe2 51. Rc7 Re1+ 52. Kg2
Qg8 53. f6 {No further moves were recorded.} 0-1

[Event "Gibraltar ChallWk2 9th"]
[Site "Gibraltar"]
[Date "2011.02.01"]
[Round "4.16"]
[White "Navarrete Espi, Samuel"]
[Black "Georgieva, Emilia"]
[Result "1/2-1/2"]
[WhiteElo "2095"]
[BlackElo "1907"]
[PlyCount "69"]
[EventDate "2011.01.29"]
[EventType "swiss"]
[EventRounds "5"]
[EventCountry "GGB"]
[SourceTitle "BritBase"]
[Source "www.saund.co.uk"]
[SourceDate "2018.02.10"]
[SourceVersion "1"]
[SourceVersionDate "2018.02.10"]
[SourceQuality "1"]

1. e4 c6 2. d4 d5 3. Nc3 dxe4 4. Nxe4 Bf5 5. Ng3 Bg6 6. h4 h6 7. h5 Bh7 8. Nf3
Nd7 9. Bd3 Bxd3 10. Qxd3 e6 11. Bd2 Ngf6 12. O-O-O Be7 13. Ne4 Nxe4 14. Qxe4
Qb6 15. g4 Qa6 16. Kb1 Qb5 17. Ne5 Nxe5 18. Qxe5 Qxe5 19. dxe5 O-O-O 20. Be3 b6
21. f4 Rxd1+ 22. Rxd1 Rd8 23. Kc1 Rh8 24. Kd2 Rd8+ 25. Ke2 Rxd1 26. Kxd1 f6 27.
exf6 Bxf6 28. g5 Bxb2 29. Kd2 Kd7 30. c3 Ba3 31. Bd4 Bf8 32. Ke3 c5 33. Be5 b5
34. Ke4 a6 35. Kd3 1/2-1/2

[Event "Gibraltar ChallWk2 9th"]
[Site "Gibraltar"]
[Date "2011.02.01"]
[Round "4.17"]
[White "Helin, Mikael"]
[Black "Montabord, Manuel"]
[Result "0-1"]
[WhiteElo "1914"]
[BlackElo "2063"]
[PlyCount "78"]
[EventDate "2011.01.29"]
[EventType "swiss"]
[EventRounds "5"]
[EventCountry "GGB"]
[SourceTitle "BritBase"]
[Source "www.saund.co.uk"]
[SourceDate "2018.02.10"]
[SourceVersion "1"]
[SourceVersionDate "2018.02.10"]
[SourceQuality "1"]

1. e4 c6 2. d4 d5 3. f3 e6 4. Nc3 Nf6 5. e5 Nfd7 6. Be3 c5 7. f4 cxd4 8. Bxd4
Nc6 9. Bf2 Bb4 10. a3 Be7 11. Nf3 a6 12. h4 Qc7 13. Rh3 f6 14. Bg3 Qb6 15. Bf2
Bc5 16. Bg3 Be7 17. Qc1 fxe5 18. fxe5 d4 19. Ne4 Ndxe5 20. Nfd2 Bd7 21. b4 O-O
22. Rb1 Qd8 23. Qd1 b5 24. Nb3 Nc4 25. Bxc4 bxc4 26. Nbc5 e5 27. Qe2 d3 28.
cxd3 Bxh3 29. gxh3 Bxc5 30. Nxc5 Qd5 31. Rc1 cxd3 32. Qxd3 Qh1+ 33. Kd2 Qg2+
34. Ke1 Nd4 35. Kd1 Rad8 36. Be1 Nf3 37. Nd7 Nxe1 38. Qd6 Nd3 39. Nf6+ Kh8 {
White overstepped the time limit} 0-1

[Event "Gibraltar ChallWk2 9th"]
[Site "Gibraltar"]
[Date "2011.02.01"]
[Round "4.18"]
[White "Rios Gonzalez, Jose Antonio"]
[Black "Rough, Robert E"]
[Result "1-0"]
[WhiteElo "2025"]
[BlackElo "1742"]
[PlyCount "98"]
[EventDate "2011.01.29"]
[EventType "swiss"]
[EventRounds "5"]
[EventCountry "GGB"]
[SourceTitle "BritBase"]
[Source "www.saund.co.uk"]
[SourceDate "2018.02.10"]
[SourceVersion "1"]
[SourceVersionDate "2018.02.10"]
[SourceQuality "1"]

1. d4 Nf6 2. c4 e5 3. dxe5 Ng4 4. Nf3 Nc6 5. Bf4 Bb4+ 6. Nbd2 Qe7 7. e3 Ngxe5
8. Be2 O-O 9. O-O Ng6 10. Bg3 Bd6 11. Rc1 Bxg3 12. hxg3 d6 13. Nb1 Be6 14. Nc3
Nge5 15. Nd5 Nxf3+ 16. Bxf3 Qd7 17. Qb3 Rab8 18. Rfd1 Ne5 19. Be4 f5 20. Bb1 b5
21. Qc3 bxc4 22. Nf4 Bf7 23. Qxe5 dxe5 24. Rxd7 exf4 25. gxf4 Be6 26. Re7 Rfe8
27. Rxe8+ Rxe8 28. Kf1 Rb8 29. Rc2 Kf8 30. Ke2 Ke7 31. Kd1 g6 32. Kc1 Rd8 33.
a3 Rd7 34. Ba2 c3 35. bxc3 c5 36. Bxe6 Kxe6 37. Rb2 c4 38. Rb5 Kd6 39. f3 Kc6 {
White overstepped the time limit} 40. Re5 Rb7 41. Kc2 Rb3 42. Ra5 Kb6 43. Ra4
a5 44. Rxc4 Rxa3 45. Kb2 Kb5 46. Rd4 Ra4 47. e4 fxe4 48. fxe4 Rxd4 49. cxd4 Kc6
1-0

[Event "Gibraltar ChallWk2 9th"]
[Site "Gibraltar"]
[Date "2011.02.01"]
[Round "4.19"]
[White "Lochte, Szilvia"]
[Black "Wright, Jonathan"]
[Result "0-1"]
[WhiteElo "2015"]
[BlackElo "1895"]
[PlyCount "81"]
[EventDate "2011.01.29"]
[EventType "swiss"]
[EventRounds "5"]
[EventCountry "GGB"]
[SourceTitle "BritBase"]
[Source "www.saund.co.uk"]
[SourceDate "2018.02.10"]
[SourceVersion "1"]
[SourceVersionDate "2018.02.10"]
[SourceQuality "1"]

1. e4 d5 2. exd5 Nf6 3. Nf3 Nxd5 4. d4 g6 5. Be2 Bg7 6. O-O O-O 7. c4 Nf6 8.
Nc3 c6 9. Be3 Nbd7 10. Qd2 Ng4 11. Bg5 f6 12. Bh4 Nh6 13. Bd3 Nb6 14. b3 Nf5
15. Bxf5 Bxf5 16. Rfe1 Bg4 17. Rad1 Bxf3 18. gxf3 Nd7 19. Qe3 Rf7 20. f4 Nf8
21. d5 Qc8 22. Qf3 g5 23. Bg3 g4 24. Qe3 f5 25. d6 Bf6 26. Qd3 e6 27. c5 Qd7
28. Ne2 h5 29. f3 Rg7 30. Kf1 Qf7 31. Nd4 h4 32. Bf2 g3 33. hxg3 hxg3 34. Bg1
Qh5 35. Qe2 g2+ 36. Kf2 Bh4+ 37. Ke3 Bxe1 38. Qxe1 Qf7 39. Rd2 Nd7 {White
overstepped the time limit} 40. b4 Nf6 41. Kd3 0-1

[Event "Gibraltar ChallWk2 9th"]
[Site "Gibraltar"]
[Date "2011.02.01"]
[Round "4.20"]
[White "Annetts, Ivor S"]
[Black "Suez-Panama, Gilles"]
[Result "0-1"]
[WhiteElo "1890"]
[BlackElo "2096"]
[PlyCount "98"]
[EventDate "2011.01.29"]
[EventType "swiss"]
[EventRounds "5"]
[EventCountry "GGB"]
[SourceTitle "BritBase"]
[Source "www.saund.co.uk"]
[SourceDate "2018.02.10"]
[SourceVersion "1"]
[SourceVersionDate "2018.02.10"]
[SourceQuality "1"]

1. e4 e6 2. d4 d5 3. e5 c5 4. c3 Nc6 5. Nf3 Nge7 6. Na3 Ng6 7. Nc2 Be7 8. Bd3
O-O 9. O-O Bd7 10. Re1 Rc8 11. Be3 b6 12. Qd2 Na5 13. b3 c4 14. Bxg6 fxg6 15.
b4 Nb7 16. a4 Rf5 17. h3 g5 18. Nh2 h6 19. f4 gxf4 20. Bxf4 Qf8 21. Rf1 g5 22.
Be3 Qg7 23. g4 Rxf1+ 24. Nxf1 Be8 25. Ng3 Bg6 26. Rf1 Rf8 27. Rxf8+ Qxf8 28.
Ne1 Qe8 29. Qa2 Qf8 30. Qf2 Qxf2+ 31. Kxf2 Be8 32. b5 Bg6 33. Ne2 Kg7 34. Nf3
Bc2 35. Kg3 Bxa4 36. h4 gxh4+ 37. Nxh4 Bg5 38. Nf4 Nd8 39. Nf3 Bxf4+ {White
overstepped the time limit} 40. Bxf4 Bxb5 41. Bc1 Be8 42. Ba3 Nc6 43. Kf4 a5
44. Ke3 b5 45. Bc5 b4 46. cxb4 axb4 47. Kd2 Bg6 48. g5 h5 49. Kc1 c3 0-1

[Event "Gibraltar ChallWk2 9th"]
[Site "Gibraltar"]
[Date "2011.02.01"]
[Round "4.22"]
[White "Marder, Simon"]
[Black "Livesey, R Nigel"]
[Result "1/2-1/2"]
[WhiteElo "1990"]
[BlackElo "1880"]
[PlyCount "53"]
[EventDate "2011.01.29"]
[EventType "swiss"]
[EventRounds "5"]
[EventCountry "GGB"]
[SourceTitle "BritBase"]
[Source "www.saund.co.uk"]
[SourceDate "2018.02.10"]
[SourceVersion "1"]
[SourceVersionDate "2018.02.10"]
[SourceQuality "1"]

1. d4 f5 2. h3 Nf6 3. g4 d5 4. Bg2 c6 5. Nc3 Qd6 6. g5 Ne4 7. Nxe4 fxe4 8. c3
Bf5 9. h4 Nd7 10. Nh3 Bxh3 11. Bxh3 e5 12. Be3 exd4 13. Qxd4 c5 14. Qa4 Qc6 15.
Qxc6 bxc6 16. Bf4 g6 17. h5 gxh5 18. e3 Bg7 19. O-O-O Ne5 20. Kc2 Nd3 21. Rxd3
exd3+ 22. Kxd3 c4+ 23. Kc2 Ke7 24. Bg2 h6 25. e4 hxg5 26. Bxg5+ Kd6 27. exd5
1/2-1/2

[Event "Gibraltar ChallWk2 9th"]
[Site "Gibraltar"]
[Date "2011.02.01"]
[Round "4.24"]
[White "Hauge, Lars Oskar"]
[Black "Brookfield, Toby"]
[Result "1-0"]
[WhiteElo "1942"]
[BlackElo "1793"]
[PlyCount "105"]
[EventDate "2011.01.29"]
[EventType "swiss"]
[EventRounds "5"]
[EventCountry "GGB"]
[SourceTitle "BritBase"]
[Source "www.saund.co.uk"]
[SourceDate "2018.02.10"]
[SourceVersion "1"]
[SourceVersionDate "2018.02.10"]
[SourceQuality "1"]

1. e4 c5 2. Nf3 d6 3. d4 cxd4 4. Nxd4 Nf6 5. Nc3 g6 6. Be3 Bg7 7. f3 Nc6 8. Qd2
O-O 9. Bc4 Bd7 10. O-O-O Qa5 11. Bb3 Rfc8 12. g4 Ne5 13. h4 Rxc3 14. Qxc3 Qxc3
15. bxc3 Nxf3 16. Nxf3 Bxg4 17. Rdf1 Nxe4 18. Bxf7+ Kxf7 19. Ng5+ Ke8 20. Nxe4
Be6 21. Bd4 Bxd4 22. cxd4 Bxa2 23. h5 Kd7 24. hxg6 hxg6 25. Rh6 Rc8 26. Rxg6
Bc4 27. Re1 Bd3 28. Rg2 Bc4 29. Kb2 a5 30. Rg7 b5 31. Nf6+ Kc6 32. Rexe7 b4 33.
Ra7 Kb5 34. Ne4 Rc6 35. c3 Bd5 36. Rgb7+ Kc4 37. Rxa5 Bxe4 38. Rxb4+ Kd3 39. d5
Rc4 40. Ra6 Rxb4+ 41. cxb4 Kc4 42. Rxd6 Kxb4 43. Rd8 Kc5 44. d6 Kc6 45. Kc3 Bf5
46. Kd4 Bh3 47. Ke5 Bd7 48. Ra8 Bh3 {No further moves were recorded} 49. Ra7
Bg4 50. Rc7+ Kb6 51. Kf6 Bh5 52. Ke7 Bg4 53. d7 1-0

[Event "Gibraltar ChallWk2 9th"]
[Site "Gibraltar"]
[Date "2011.02.01"]
[Round "4.26"]
[White "Gravett, Alan D"]
[Black "Salomon, Johan"]
[Result "0-1"]
[WhiteElo "1869"]
[BlackElo "1836"]
[PlyCount "84"]
[EventDate "2011.01.29"]
[EventType "swiss"]
[EventRounds "5"]
[EventCountry "GGB"]
[SourceTitle "BritBase"]
[Source "www.saund.co.uk"]
[SourceDate "2018.02.10"]
[SourceVersion "1"]
[SourceVersionDate "2018.02.10"]
[SourceQuality "1"]

1. g3 d5 2. Nf3 c6 3. Bg2 Nf6 4. O-O Bg4 5. d3 Nbd7 6. c4 dxc4 7. dxc4 e5 8.
Nc3 Be7 9. Qc2 O-O 10. b3 Qc7 11. Bb2 Rfe8 12. e4 Bxf3 13. Bxf3 Nc5 14. Rad1
Ne6 15. Ne2 Nd7 16. Bg4 Ndf8 17. Kg2 a5 18. f4 Bf6 19. Bxe6 Rxe6 20. f5 Ree8
21. g4 Qb6 22. Ng3 Bh4 23. Nh5 Qc5 24. f6 g6 25. Qc1 gxh5 26. Ba3 Qb6 27. Bxf8
Rxf8 28. Qh6 Bxf6 29. Qxf6 Qe3 30. Rde1 Qd2+ 31. Kh3 Rad8 32. Rf2 hxg4+ 33.
Kxg4 Rd6 34. Rxd2 Rxf6 35. Kg5 Kg7 36. Ree2 a4 37. Rd7 axb3 38. axb3 Rb8 39.
Re7 b5 40. Rxe5 bxc4 41. bxc4 Rb1 42. Rg2 Rg6+ 0-1

[Event "Gibraltar ChallWk2 9th"]
[Site "Gibraltar"]
[Date "2011.02.01"]
[Round "4.27"]
[White "Jorgensen, Line Jin"]
[Black "Goodfellow, Russell"]
[Result "0-1"]
[WhiteElo "1892"]
[BlackElo "1720"]
[PlyCount "82"]
[EventDate "2011.01.29"]
[EventType "swiss"]
[EventRounds "5"]
[EventCountry "GGB"]
[SourceTitle "BritBase"]
[Source "www.saund.co.uk"]
[SourceDate "2018.02.10"]
[SourceVersion "1"]
[SourceVersionDate "2018.02.10"]
[SourceQuality "1"]

1. d4 f5 2. c4 e6 3. Nc3 Nf6 4. Nf3 d6 5. g3 Be7 6. Bg2 O-O 7. O-O Qe8 8. Qc2
Qg6 9. b3 a5 10. Bb2 Na6 11. a3 Rb8 12. Rad1 Bd7 13. d5 e5 14. h3 Qh5 15. Nh2
g5 16. f3 f4 17. g4 Qf7 18. Kf2 c6 19. Rfe1 cxd5 20. cxd5 b5 21. e4 fxe3+ 22.
Rxe3 b4 23. Ne2 Nxd5 24. Red3 Nf4 25. Nxf4 Qxf4 26. Bc1 Qf7 27. Kg1 Rbc8 28.
Qd2 Nc5 29. Rxd6 Nxb3 30. Qe3 Bxd6 31. Qxg5+ Qg6 32. Qxg6+ hxg6 33. Bh6 Rf6 34.
Bg5 Bc5+ 35. Kh1 Rd6 36. Re1 Bd4 37. axb4 axb4 38. f4 Rc1 39. Rxc1 Nxc1 40.
fxe5 Bxe5 41. Bxc1 Rd1+ 0-1

[Event "Gibraltar ChallWk2 9th"]
[Site "Gibraltar"]
[Date "2011.02.01"]
[Round "4.28"]
[White "Lada, Ireneusz"]
[Black "Hegvik, Leif Trygve"]
[Result "1-0"]
[WhiteElo "2130"]
[BlackElo "1814"]
[PlyCount "77"]
[EventDate "2011.01.29"]
[EventType "swiss"]
[EventRounds "5"]
[EventCountry "GGB"]
[SourceTitle "BritBase"]
[Source "www.saund.co.uk"]
[SourceDate "2018.02.10"]
[SourceVersion "1"]
[SourceVersionDate "2018.02.10"]
[SourceQuality "1"]

1. c4 e5 2. Nc3 Nf6 3. Nf3 Nc6 4. e3 d5 5. cxd5 Nxd5 6. Bb5 Qd6 7. d4 Nxc3 8.
bxc3 e4 9. Ne5 a6 10. Qa4 Bd7 11. Nxd7 Qxd7 12. Bxc6 bxc6 13. Ba3 Bd6 14. c4 c5
15. Qxd7+ Kxd7 16. dxc5 Be5 17. O-O-O+ Kc6 18. Rd5 Bf6 19. Kc2 Rab8 20. Rb1
Rxb1 21. Kxb1 Rd8 22. Rf5 Rd3 23. Bb4 Rd1+ 24. Kc2 Rd3 25. Rf4 a5 26. Rxe4 Rd8
27. Ba3 h5 28. Rf4 Rd7 29. Rf5 a4 30. Bc1 h4 31. Bd2 Bd8 32. Bc3 g6 33. Rf4
Kxc5 34. a3 Kc6 35. Rd4 Be7 36. Bb4 Bd6 37. Rxh4 Bxb4 38. axb4 a3 39. Rd4 1-0

[Event "Gibraltar ChallWk2 9th"]
[Site "Gibraltar"]
[Date "2011.02.01"]
[Round "4.30"]
[White "Knudsen, Jes West"]
[Black "Mielke, Torsten"]
[Result "1-0"]
[WhiteElo "2000"]
[BlackElo "1875"]
[PlyCount "61"]
[EventDate "2011.01.29"]
[EventType "swiss"]
[EventRounds "5"]
[EventCountry "GGB"]
[SourceTitle "BritBase"]
[Source "www.saund.co.uk"]
[SourceDate "2018.02.10"]
[SourceVersion "1"]
[SourceVersionDate "2018.02.10"]
[SourceQuality "1"]

1. e4 e5 2. Bc4 Nf6 3. d3 Nc6 4. Nc3 a6 5. Be3 d6 6. h3 b5 7. Bb3 Bb7 8. Nge2
Na5 9. f4 Nxb3 10. axb3 Nd7 11. O-O f6 12. Ng3 Nb6 13. Bxb6 cxb6 14. Nd5 Bxd5
15. exd5 Qc7 16. Qg4 Qc5+ 17. Rf2 Qxd5 18. c4 Qf7 19. Rxa6 Rd8 20. Rxb6 bxc4
21. bxc4 h5 22. Qf3 d5 23. b4 Qa7 24. c5 h4 25. Nf1 e4 26. dxe4 d4 27. Qd3 Be7
28. Qb5+ Kf8 29. Rb7 Qa8 30. c6 Bd6 31. Qc4 1-0

[Event "Gibraltar ChallWk2 9th"]
[Site "Gibraltar"]
[Date "2011.02.01"]
[Round "4.31"]
[White "Haddock, Paul"]
[Black "Mathon, Dimitrij"]
[Result "1-0"]
[WhiteElo "1757"]
[BlackElo "1727"]
[PlyCount "60"]
[EventDate "2011.01.29"]
[EventType "swiss"]
[EventRounds "5"]
[EventCountry "GGB"]
[SourceTitle "BritBase"]
[Source "www.saund.co.uk"]
[SourceDate "2018.02.10"]
[SourceVersion "1"]
[SourceVersionDate "2018.02.10"]
[SourceQuality "1"]

1. e4 g6 2. d4 d6 3. Nc3 Bg7 4. Be3 Nf6 5. Bc4 c6 6. Bb3 O-O 7. f3 b5 8. Qd2 a5
9. a3 Ba6 10. Bh6 c5 11. Bxg7 Kxg7 12. Bd5 Nxd5 13. Nxd5 Bb7 14. dxc5 dxc5 15.
Qc3+ Kg8 16. Qxc5 Bxd5 17. exd5 Qd7 18. c3 Rc8 19. Qd4 Rc4 20. Qd2 Rc5 21. Rd1
Ra6 22. Qd4 Qc7 23. Ne2 Nd7 24. O-O Nf6 25. Qf4 Qd8 26. d6 e5 27. Qe3 Rxd6 28.
Qxc5 Rxd1 29. Qxe5 Qb6+ 30. Nd4 b4 1-0

[Event "Gibraltar ChallWk2 9th"]
[Site "Gibraltar"]
[Date "2011.02.01"]
[Round "4.33"]
[White "Sedgwick, David"]
[Black "Hanrahan, William"]
[Result "1/2-1/2"]
[WhiteElo "2044"]
[BlackElo "1987"]
[PlyCount "66"]
[EventDate "2011.01.29"]
[EventType "swiss"]
[EventRounds "5"]
[EventCountry "GGB"]
[SourceTitle "BritBase"]
[Source "www.saund.co.uk"]
[SourceDate "2018.02.10"]
[SourceVersion "1"]
[SourceVersionDate "2018.02.10"]
[SourceQuality "1"]

1. e4 d6 2. d4 Nf6 3. Nc3 g6 4. Bc4 Bg7 5. Qe2 c6 6. Nf3 d5 7. Bb3 dxe4 8. Nxe4
Nxe4 9. Qxe4 Nd7 10. O-O Nf6 11. Qe2 Bg4 12. c3 O-O 13. h3 Bxf3 14. Qxf3 Qd7
15. Bf4 Qf5 16. Rfe1 Nh5 17. Re4 Nf6 18. Rxe7 b5 19. Bd2 Qxf3 20. gxf3 a5 21.
a4 Ne8 22. Rd7 Rb8 23. Bf4 Rb6 24. Rd8 b4 25. c4 c5 26. dxc5 Rf6 27. Bg5 Rxf3
28. Be7 Bf6 29. Bxf6 Nxf6 30. Rxf8+ Kxf8 31. c6 Rf5 32. Bd1 Rc5 33. b3 Rxc6
1/2-1/2

[Event "Gibraltar ChallWk2 9th"]
[Site "Gibraltar"]
[Date "2011.02.02"]
[Round "5.1"]
[White "Dasaolu, Adeoye"]
[Black "Haga, Halvor"]
[Result "1-0"]
[WhiteElo "2107"]
[BlackElo "2024"]
[PlyCount "122"]
[EventDate "2011.01.29"]
[EventType "swiss"]
[EventRounds "5"]
[EventCountry "GGB"]
[SourceTitle "BritBase"]
[Source "www.saund.co.uk"]
[SourceDate "2018.02.10"]
[SourceVersion "1"]
[SourceVersionDate "2018.02.10"]
[SourceQuality "1"]

1. e4 g6 2. d4 Bg7 3. g3 c6 4. Bg2 d6 5. Ne2 Nd7 6. O-O Ngf6 7. h3 Qc7 8. c4 e5
9. Nbc3 a6 10. Be3 O-O 11. Rc1 Re8 12. Qd2 exd4 13. Bxd4 Ne5 14. b3 c5 15. Bxe5
dxe5 16. Nd5 Nxd5 17. cxd5 Qd6 18. a4 Bd7 19. a5 Rac8 20. Rc2 f5 21. Kh2 Rf8
22. Nc1 Bb5 23. Rd1 Rf7 24. h4 Bf8 25. Nd3 f4 26. Bh3 Bd7 27. Bxd7 Rxd7 28. Nb2
b5 29. axb6 Qxb6 30. Rc3 Qf6 31. Qe2 Kh8 32. Kg2 Rb8 33. Nc4 Bd6 34. Ra1 Bc7
35. Rd3 Rf8 36. d6 Bd8 37. Rxa6 Rdf7 38. Nd2 g5 39. Rc3 gxh4 40. g4 h5 41. Kh3
Rg7 42. f3 Rfg8 43. d7 Qg5 44. Rd3 Kh7 45. Rdd6 Rg6 46. Rxg6 Rxg6 47. Rxg6 Qxg6
48. Qc4 hxg4+ 49. fxg4 Kg7 50. Nf3 Qd6 51. g5 Qxd7+ 52. Kxh4 Qd1 53. Kg4 Qd7+
54. Kh4 Qd1 55. Kg4 Qd7+ 56. Kh5 Qe8+ 57. Kh4 Qh8+ 58. Kg4 Qh1 59. Qd3 Be7 60.
Kf5 Qh3+ 61. Kxe5 Qc8 1-0

[Event "Gibraltar ChallWk2 9th"]
[Site "Gibraltar"]
[Date "2011.02.02"]
[Round "5.2"]
[White "Daoudi, Kamal"]
[Black "Heppell, Ian N"]
[Result "1-0"]
[WhiteElo "2155"]
[BlackElo "2122"]
[PlyCount "65"]
[EventDate "2011.01.29"]
[EventType "swiss"]
[EventRounds "5"]
[EventCountry "GGB"]
[SourceTitle "BritBase"]
[Source "www.saund.co.uk"]
[SourceDate "2018.02.10"]
[SourceVersion "1"]
[SourceVersionDate "2018.02.10"]
[SourceQuality "1"]

1. e4 e5 2. Nf3 d6 3. d4 exd4 4. Nxd4 Nf6 5. Nc3 Be7 6. g3 Nc6 7. Bg2 O-O 8.
O-O Nxd4 9. Qxd4 Re8 10. h3 Be6 11. f4 c5 12. Qf2 Qb6 13. b3 Qa5 14. Bb2 c4 15.
f5 Bd7 16. Kh1 Bc6 17. Rad1 b5 18. g4 b4 19. Nd5 c3 20. Bc1 Nxd5 21. exd5 Bb5
22. Rfe1 Bf6 23. g5 Be5 24. Be4 Qd8 25. f6 gxf6 26. Qh4 f5 27. Bxf5 Bg7 28.
Bxh7+ Kf8 29. Qxb4 Be2 30. Bf4 Bf3+ 31. Kh2 f5 32. Bxd6+ Kf7 33. g6+ 1-0